00395nas a2200169 4500000000100000008004100001260001700042653001100059653001100070653001200081653003300093100001700126245005200143300000900195490000700204022001400211 1983 d c1983 May-Jun10aHawaii10aHumans10aleprosy10aPublic Health Administration1 aBomgaars M R00aPublic health programming for Hansen's disease. a42-50 v30 a0049-8122